000 00740nam a22002177a 4500
001 39261
003 BD-RjUL
005 20211209052943.0
008 160406s2010 bg ||||| |||| 00| 0 ben d
020 _a9847011800639
_c: TK.100.00
035 _a(BD-RjUL)39374
040 _cBD-RjUL
082 _223
_a891.441
_bALM 2010
100 1 0 _aআলী, মোঃ নওসাদ
_9121063
245 0 3 _aমধ্য রাতের পদ্য /
_cমোঃ নওসাদ আলী
260 _aঢাকা :
_bমুক্তদেশ প্রকাশন,
_c২০১০
300 _a৮০ পৃ. ;
_g২২ সেমি.
650 _aবাংলা কবিতা
_9121065
650 _aBengali poetry
_9121066
942 _2ddc
_cBK
_02
999 _c39261
_d39261